Harry Potter Trivia - Statistics

General Stats
  • This quiz has been taken 286 times
    200 since last reset
  • The average score is 24 of 50
Answer Stats
Hint Answer % Correct
Ron
99%
Hermione Granger
89%
Who are Harry's two best friends? Ron Weasley
88%
How many horcruxes did Voldemort make? 7
86%
Who is Hagrid's pet Spider? Aragog
79%
What is Voldemort's full name? Tom Marvolo Riddle
79%
Name of the wizarding prison Azkaban
77%
What is the name of the Weasley's home? the Burrow
77%
Professor Dumbledore's given names Albus
73%
Name Hagrid's three-headed Dog Fluffy
73%
Name the Ravenclaw Ghost The Grey Lady
73%
Fred
66%
Name the Slytherin ghost The Bloody Baron
66%
Brian
65%
Ginny
65%
What is Hermione's patronus? Otter
65%
Percy
65%
George
64%
Name the Weasley siblings. Bill
62%
What is the maiden name of Harry's mother? Evans
61%
Caretaker's cat Mrs Norris
61%
Percival
61%
Peeves is a what? Poltergeist
60%
In order to get into Ravenclaw Tower, you have to answer a what? Riddle
60%
Charlie
58%
Name of Norwegian Ridgeback Norbert
58%
Skull and snake symbol The Dark Mark
57%
Wulfric
57%
Vernon Dursley's sister Marge
54%
Name the Hufflepuff ghost The Fat Friar
52%
Name Bellatrix's husband Rodolphus Lestrange
47%
What does R.A.B stand for? Regulus Arcturus Black
39%
Vernon Dursley works for what company? Grunnings
34%
What does OWL stand for? Ordinary Wizarding Levels
34%
Dudley Dursley goes to this school. Smeltings
25%
How many staircases does Hogwarts have? 142
24%
Name Percy Weasley's wife Audrey
23%
Name the Gryffindor ghost Sir Nicholas de Mimsy-Porpington
21%
Name the first person to escape Azkaban Barty Crouch Jr
17%
^Spider's wife Mosag
16%
What does NEWT stand for? Nastily Exhausting Wizarding Tests
14%
What did Dumbledore leave Ron in his will? His Deluminator
9%
What was Lee Jordan's Potterwatch code name? River
9%
How much did Harry's wand cost? 7 Galleons
6%
What is the name of the fountain in the Ministry of Magic? Fountain of Magical Brethren
5%
What was Fred Weasley's Potterwatch code name? Rapier
5%
What was Remus Lupin's Potterwatch code name? Romulus
5%
What was Kingsley Shacklebolt's Potterwatch code name? Royal
5%
Hermione stole this book from Dumbledore's office. Secrets of the Darkest Art
1%
Who is Ministry's Apparition Instructor? Wilkie Tycross
1%
No matching quizzes found
Score Distribution
Percent of People with Each Score
Percentile by Number Answered
Your Score History
You have not taken this quiz since the last reset